A true discourse of the present estate of Virginia, and the successe of the affaires there till the 18 of Iune 1614. (Record no. 52401)

MARC details
000 -LEADER
fixed length control field 02250cam a22003491 4500
001 - CONTROL NUMBER
control field rc 01002778
003 - CONTROL NUMBER IDENTIFIER
control field DLC
005 - DATE AND TIME OF LATEST TRANSACTION
control field 20260227111907.0
007 - PHYSICAL DESCRIPTION FIXED FIELD--GENERAL INFORMATION
fixed length control field cr |||||||||||
007 - PHYSICAL DESCRIPTION FIXED FIELD--GENERAL INFORMATION
fixed length control field cr_|||||||||||
008 - FIXED-LENGTH DATA ELEMENTS--GENERAL INFORMATION
fixed length control field 820303s1860 nyu 000 0 eng
010 ## - LIBRARY OF CONGRESS CONTROL NUMBER
LC control number rc 01002778
035 ## - SYSTEM CONTROL NUMBER
System control number (OCoLC)8209201
040 ## - CATALOGING SOURCE
Original cataloging agency DLC
Transcribing agency DSI
Modifying agency OCoLC
-- DLC
050 00 - LIBRARY OF CONGRESS CALL NUMBER
Classification number F229
Item number .H19
100 1# - MAIN ENTRY--PERSONAL NAME
Personal name Hamor, Ralph,
Dates associated with a name -1626.
245 12 - TITLE STATEMENT
Title A true discourse of the present estate of Virginia, and the successe of the affaires there till the 18 of Iune 1614.
Remainder of title Together with a relation of the seuerall English townes and fortes, the assured hopes of that countrie and the peace concluded with the Indians. The christening of Powhatans daughter and her marriage with an English-man.
Statement of responsibility, etc. Written by Raphe Hamor the yonger, late secretarie in that colony ... London, Printed by Iohn Beale for W. Welby, 1615.
260 ## - PUBLICATION, DISTRIBUTION, ETC.
Place of publication, distribution, etc. [Albany,
Name of publisher, distributor, etc. J. Munsell,
Date of publication, distribution, etc. 1860]
300 ## - PHYSICAL DESCRIPTION
Extent 5 p. l., 69, [1] p., 1 l.
Dimensions 37 cm.
500 ## - GENERAL NOTE
General note "Only 200 copies privately printed" (for Charles Gorham Barney, of Richmomd, Va., cf. Sabin, Dict.)
500 ## - GENERAL NOTE
General note The discourse is followed by three letters: (1) "To the R. and my most esteemed friend Mr. D.M. at his house at F. Ch. in London," by Sir Thomas Dale, dated "From Iames towne in Virginia the 18 of Iune, 1614," p. 51-59. (2) "To my verie deere and louing cosen M[aster] G[ouge] minister of the B[lack] F[riars] in London," by Rev. Alexander Whitaker, dated "Virginia Iune 18. 1614," p. 59-61. (3) "The coppie of the gentle-mans letters to Sir Thomas Dale, that after maried Powhatans daughter, containing the reasons mouing him thereunto," by John Rolfe, p. 61-68.
530 ## - ADDITIONAL PHYSICAL FORM AVAILABLE NOTE
Additional physical form available note Also available in digital form on the Library of Congress Web site.
530 ## - ADDITIONAL PHYSICAL FORM AVAILABLE NOTE
Additional physical form available note Also available in digital form on the Internet Archive Web site.
651 #0 - SUBJECT ADDED ENTRY--GEOGRAPHIC NAME
Geographic name Virginia
General subdivision History
Chronological subdivision Colonial period, ca. 1600-1775.
650 #0 - SUBJECT ADDED ENTRY--TOPICAL TERM
Topical term or geographic name entry element Indians of North America
Geographic subdivision Virginia.
600 00 - SUBJECT ADDED ENTRY--PERSONAL NAME
Personal name Pocahontas,
Dates associated with a name -1617.
700 1# - ADDED ENTRY--PERSONAL NAME
Personal name Dale, Thomas,
Titles and other words associated with a name Sir,
Dates associated with a name -1619.
700 1# - ADDED ENTRY--PERSONAL NAME
Personal name Whitaker, Alexander,
Dates associated with a name 1585-1617.
700 1# - ADDED ENTRY--PERSONAL NAME
Personal name Rolfe, John,
Dates associated with a name 1585-1622.
856 41 - ELECTRONIC LOCATION AND ACCESS
Path lhbcb
Electronic name 02778
Electronic format type s
Uniform Resource Identifier <a href="http://hdl.loc.gov/loc.gdc/lhbcb.02778">http://hdl.loc.gov/loc.gdc/lhbcb.02778</a>
856 41 - ELECTRONIC LOCATION AND ACCESS
Uniform Resource Identifier <a href="http://hdl.loc.gov/loc.gdc/scd0001.00014264802">http://hdl.loc.gov/loc.gdc/scd0001.00014264802</a>

No items available.

Powered by Koha